000
00275 a2200109 4500
001
127402
020
_a
9788573024494
040
_c
Escola Canadense de Niteroi
100
_a
Machado, Ana Maria
245
1
0
_a
Como e por que Ler os Clássicos Universais desde cedo
942
_c
BK
999
_c
127402
_d
127402